00365nam a22001337a 450000500170000000800410001704100130005808200130007110000130008424500440009726000340014130000300017565000260020520240506103017.0240506b |||||||| |||| 00| 0 eng d aEnglish  a349 LAW  lEnglish  aThe Law Report : King's Bench Division  aLondon: bTHE COUNCIL, c1945 bxiii, 630 pages; c25 cm. aLegal practice bLaw